Guess the 1970s song lyrics #26 - Statistics

General Stats
  • This quiz has been taken 58 times
  • The average score is 151 of 261
Answer Stats
Answer % Correct
a
98%
I
98%
you
92%
You
92%
love
86%
me
86%
the
86%
The
86%
And
84%
and
84%
it
84%
my
82%
to
82%
To
82%
we
82%
when
82%
be
80%
do
80%
for
78%
is
76%
your
76%
go
75%
so
73%
So
73%
This
73%
not
71%
want
71%
from
69%
if
69%
by
67%
night
67%
can
65%
of
63%
one
63%
there
63%
what
63%
will
63%
You're
61%
you're
61%
Baby
59%
baby
59%
get
59%
I'm
59%
take
59%
us
59%
we're
59%
with
59%
Just
57%
just
57%
oh
57%
Oh
57%
stand
57%
together
57%
Let
53%
away
51%
every
51%
Don't
49%
got
49%
here
49%
way
49%
up
47%
right
45%
let's
43%
Let's
43%
good
41%
made
41%
yeah
41%
going
39%
gonna
39%
forever
37%
fly
35%
music
33%
stay
31%
need
27%
tonight
27%
Cruis
25%
find
25%
mind
25%
cruisin
24%
Cruisin
24%
Glad
20%
glad
20%
clear
18%
cruise
18%
Cruise
18%
must
18%
other
18%
inch
16%
part
16%
played
16%
closer
14%
each
14%
inside
14%
belongs
12%
Everything's
12%
release
12%
confused
10%
glide
10%
little
10%
flow
8%
open
6%
No matching quizzes found
Score Distribution
Percent of People with Each Score
Percentile by Number Answered
Your Score History
You have not taken this quiz